Německý a francouzský koncept regionální politiky Kompatibilita regionálních politik v Evropské unii
Odlišné prístupy Nemecka a Francúzska k teoretickým základom i k praktickej regionálnej politike Európskej únie. Zásadne odlišný systém, ktorý predstavuje francúzsky koncept priestorového usporiadania a regionálnej politiky. Nemecké a francúzske odlišnosti v legislatíve pre regionálnu politiku. Záve...
Guardado en:
| Autor principal: | |
|---|---|
| Formato: | Capítulo de libro |
| Lenguaje: | checo |
| Materias: | |
| Etiquetas: |
Sin Etiquetas, Sea el primero en etiquetar este registro!
|
MARC
| LEADER | 00000naa a2200000 4500 | ||
|---|---|---|---|
| 001 | r022408 | ||
| 005 | 20230418123730.0 | ||
| 041 | 0 | |a cze | |
| 044 | |a CZ | ||
| 245 | 1 | 0 | |a Německý a francouzský koncept regionální politiky |b Kompatibilita regionálních politik v Evropské unii |c S. Adamčík |
| 520 | |a Odlišné prístupy Nemecka a Francúzska k teoretickým základom i k praktickej regionálnej politike Európskej únie. Zásadne odlišný systém, ktorý predstavuje francúzsky koncept priestorového usporiadania a regionálnej politiky. Nemecké a francúzske odlišnosti v legislatíve pre regionálnu politiku. Závery plynúce z porovnania francúzskej regionálnej politiky. | ||
| 610 | 2 | 0 | |a politika regionálna |
| 610 | 2 | 0 | |a ekonomika priestorová |
| 610 | 2 | 0 | |a koncepcie |
| 610 | 2 | 0 | |a Európska únia |
| 610 | 2 | 0 | |a Nemecko |
| 610 | 2 | 0 | |a Francúzsko |
| 610 | 2 | 0 | |a legislatíva |
| 610 | 2 | 0 | |a správa štátna |
| 610 | 2 | 0 | |a samospráva |
| 100 | 1 | |a Adamčík, S. | |